Loading...
| Fine Arts - Classical Music | 0 | 7 | 1 | 2 | 65 | 112 | 133.29 | 0 | 0 | 0.00 | 0.00 |
| Fine Arts - Painting & Sculpture | 0 | 6 | 0 | 0 | 60 | 73 | 98.50 | 1 | 3 | 0.00 | 0.00 |
| Literature - American | 0 | 4 | 0 | 0 | 40 | 98 | 113.00 | 1 | 1 | 0.00 | 0.00 |
| Science - Physics | 0 | 4 | 1 | 0 | 35 | 127 | 131.25 | 0 | 0 | 0.00 | 0.00 |
| Science - Chemistry | 0 | 4 | 1 | 1 | 35 | 107 | 118.50 | 0 | 0 | 0.00 | 0.00 |
| Philosophy | 0 | 3 | 0 | 0 | 30 | 98 | 112.00 | 0 | 0 | 0.00 | 0.00 |
| Mythology | 0 | 2 | 0 | 0 | 20 | 91 | 116.00 | 0 | 0 | 0.00 | 0.00 |
| Literature - British | 0 | 2 | 0 | 0 | 20 | 55 | 73.50 | 1 | 2 | 0.00 | 0.00 |
| Religion | 0 | 2 | 1 | 0 | 15 | 121 | 126.00 | 0 | 0 | 0.00 | 0.00 |
| Fine Arts - Other | 0 | 2 | 2 | 0 | 10 | 86 | 101.50 | 0 | 0 | 0.00 | 0.00 |
| Social Science | 0 | 1 | 0 | 0 | 10 | 123 | 123.00 | 0 | 0 | 0.00 | 0.00 |
| Other Academic | 0 | 1 | 0 | 1 | 10 | 135 | 135.00 | 0 | 0 | 0.00 | 0.00 |
| Literature - European | 0 | 0 | 0 | 0 | 0 | 0.00 | 0 | 0 | 0.00 | 0.00 | |
| Literature - World | 0 | 1 | 2 | 0 | 0 | 139 | 139.00 | 0 | 0 | 0.00 | 0.00 |
| Science - Other | 0 | 1 | 2 | 0 | 0 | 126 | 126.00 | 0 | 0 | 0.00 | 0.00 |